Law briefing (Record no. 79179)

MARC details
000 -LEADER
fixed length control field 01143cab a22002295a 4500
001 - CONTROL NUMBER
control field L140067
008 - FIXED-LENGTH DATA ELEMENTS--GENERAL INFORMATION
fixed length control field 070903s2007 xxk f 000 0 eng d
035 ## - SYSTEM CONTROL NUMBER
System control number (Sirsi) u140067
041 0# - LANGUAGE CODE
Language code of text/sound track or separate title eng
100 1# - MAIN ENTRY--PERSONAL NAME
Personal name Dowden, Malcolm
245 00 - TITLE STATEMENT
Title Law briefing
Remainder of title landlord and tenant update 2007
260 ## - PUBLICATION, DISTRIBUTION, ETC.
Date of publication, distribution, etc. 2007
490 #0 - SERIES STATEMENT
Series statement Journal of Property Investment and Finance
Volume/sequential designation 25(5) 2007, 525-531(7)
520 ## - SUMMARY, ETC.
Summary, etc. Reviews three key landlord and tenant cases of the last 12 months, dealing with parent company guarantees ("Prudential Assurance Co Ltd and others v PRG Powerhouse Ltd and others" ([2007] EWHC 1002 Ch, L138112)), rent reviews, former tenants and guarantors ("Scottish Newcastle v Raguz" ([2007] EWCA Civ 150, L137096)), and leases as contracts/deciding whether to forfeit ("Reichman v Beveridge" ([2006] EWCA Civ 1659, L136014)).
590 ## - LOCAL NOTE (RLIN)
Local note KA
650 24 - SUBJECT ADDED ENTRY--TOPICAL TERM
Topical term or geographic name entry element PRUDENTIAL ASSURANCE CO LTD AND OTHERS V PRG POWERHOUSE LTD AND OTHERS
650 24 - SUBJECT ADDED ENTRY--TOPICAL TERM
Topical term or geographic name entry element SCOTTISH AND NEWCASTLE PLC V RAGUZ
650 24 - SUBJECT ADDED ENTRY--TOPICAL TERM
Topical term or geographic name entry element REICHMAN AND ANOTHER V BEVERIDGE AND ANOTHER
651 #4 - SUBJECT ADDED ENTRY--GEOGRAPHIC NAME
Geographic name England and Wales
Chronological subdivision 1543-
690 ## - LOCAL SUBJECT ADDED ENTRY--TOPICAL TERM (OCLC, RLIN)
Topical term or geographic name as entry element Landlord and tenant
9 (RLIN) 6252
942 ## - ADDED ENTRY ELEMENTS (KOHA)
Suppress in OPAC 0
Holdings
Withdrawn status Lost status Source of classification or shelving scheme Damaged status Not for loan Home library Current library Shelving location Date acquired Total Checkouts Full call number Barcode Date last seen Copy number Price effective from Koha item type
    Dewey Decimal Classification     London London Journal article 03/09/2007   L140067 140067-1001 06/08/2019 1 06/08/2019 Journal article